Совершенствование расчетов режимов электроэнергетических систем и их оборудования

Detalles Bibliográficos
Autor Corporativo: Ташкентский политехнический институт
Otros Autores: Аллаев К. Р. (редактор)
Lenguaje:ruso
Publicado: Ташкент, Изд-во ТашПИ, 1990
Materias:
Formato: MixedMaterials Libro
KOHA link:https://koha.lib.tpu.ru/cgi-bin/koha/opac-detail.pl?biblionumber=202490

MARC

LEADER 00000nam0a2200000 4500
001 202490
005 20231031185402.0
035 |a (RuTPU)RU\TPU\book\220650 
090 |a 202490 
100 |a 20111013d1990 k y0rusy50 ca 
101 0 |a rus 
102 |a UZ 
105 |a a z 001zy 
200 1 |a Совершенствование расчетов режимов электроэнергетических систем и их оборудования  |f Ташкентский политехнический институт; под ред. К. Р. Аллаева 
210 |a Ташкент  |c Изд-во ТашПИ  |d 1990 
215 |a 76 с.  |c ил. 
320 |a Библиография в конце статей 
610 1 |a электроэнергетические системы 
610 1 |a оборудование 
610 1 |a режимы 
610 1 |a расчет 
610 1 |a исследования 
675 |a 621.311.004.13  |v 3 
702 1 |a Аллаев  |b К. Р.  |4 340 
712 0 2 |a Ташкентский политехнический институт  |2 stltpush  |3 (RuTPU)RU\TPU\col\6741 
801 1 |a RU  |b 63413507  |c 20111013 
801 2 |a RU  |b 63413507  |c 20111019  |g RCR 
942 |c BK